000 00518nam a2200181Ia 4500
008 180921t2016 xxu||||| |||| 00| 0 sin d
041 _asin
080 _aX954.3
_bRAT
100 _aRathnam,Jeamis T.
245 _aඅනුරාධපුරයේ එළාර සොහොන් ගැබ
246 _aAnuradapuraye Elara Sohon Geba
260 _bRawaya
_aMaharagama
_c2016
300 _b72p, 21cm
700 _aSepala Wijesekara
_etr.
942 _cBK
999 _c4591
_d4591
003 LK-CoDNM
040 _aLK-CoDNM
_dLK-CoDNM
_eLK-CoDNM